One Direction - Albums par images - Statistiques

Statistiques générales
  • Ce quiz a été pris 447 fois
  • Le résultat moyen est 5 sur 5
Statistiques - réponses
Par images Réponse % Correct
Four
97%
Midnight Memories
95%
Up All Night
93%
Made in the A.M.
90%
Take Me Home
87%
Aucun quiz correspondant
Distribution des résultats
% des personnes avec chaque résultat
Percentile par nombre de réponses
Votre historique - résultats
Vous n’avez pas pris ce quiz